जनावरांचे रोग आणि त्यांवर उपाय भा-2 (Record no. 1240978)

MARC details
000 -LEADER
fixed length control field 00806nam a2200193Ia 4500
008 - FIXED-LENGTH DATA ELEMENTS--GENERAL INFORMATION
fixed length control field 151121s9999||||xx |||||||||||||| ||und||
082 ## - DEWEY DECIMAL CLASSIFICATION NUMBER
Classification number 636।2/पाटण
082 ## - DEWEY DECIMAL CLASSIFICATION NUMBER
Item number HNW-59193
100 ## - MAIN ENTRY--PERSONAL NAME
Personal name पाटणकर जी। एस।
245 ## - TITLE STATEMENT
Title जनावरांचे रोग आणि त्यांवर उपाय भा-2
260 ## - PUBLICATION, DISTRIBUTION, ETC. (IMPRINT)
Name of publisher, distributor, etc "ढवळे केशव भिकाजी, मुंबई।"
260 ## - PUBLICATION, DISTRIBUTION, ETC. (IMPRINT)
Date of publication, distribution, etc --
300 ## - PHYSICAL DESCRIPTION
Extent 88
600 ## - SUBJECT ADDED ENTRY--PERSONAL NAME
Personal name पाटणकर जी। एस।
630 ## - SUBJECT ADDED ENTRY--UNIFORM TITLE
Uniform title जनावरांचे रोग आणि त्यांवर उपाय भा-2
700 ## - ADDED ENTRY--PERSONAL NAME
Personal name पाटणकर जी। एस।
730 ## - ADDED ENTRY--UNIFORM TITLE
Uniform title जनावरांचे रोग आणि त्यांवर उपाय भा-2
942 ## - ADDED ENTRY ELEMENTS (KOHA)
Koha item type Book
Holdings
Withdrawn status Lost status Damaged status Not for loan Home library Current library Date acquired Cost, normal purchase price Total Checkouts Full call number Barcode Date last seen Cost, replacement price Price effective from Koha item type
        Hirachand Nemchand Wachanalaya, Solapur Hirachand Nemchand Wachanalaya, Solapur 11/21/2015 15.00   HNW-59193 HNW-59193 11/21/2015 15.00 11/21/2015 Book